| 000 | 00517nam a2200181 i 4500 | ||
|---|---|---|---|
| 001 | 29886 | ||
| 003 | ES-MaACL | ||
| 005 | 20230906154114.0 | ||
| 007 | t| | ||
| 008 | 030123s1964 sp ||||1| spa d | ||
| 100 | 1 |
_aBaselga, Eduardo. _926277 |
|
| 245 | 1 | 0 |
_a26 cartas a una madre / _cEduardo Baselga. |
| 260 |
_aMadrid : _bApostolado de la Prensa, _c1964. |
||
| 300 |
_a161 p. ; _c18 cm. |
||
| 650 | 0 | 0 |
_aAdolescentes- _xPsicologĂa. _99649 |
| 740 | 0 | 2 | _aVeintiséis cartas a una madre. |
| 852 |
_aES-MaACL _jC-26969 |
||
| 999 |
_c29886 _d29886 |
||